Statistiques concernant Les meilleurs passeurs de Ligue au 21ème siècle

Cliquez ici pour prendre le quiz!

Statistiques générales

  • Ce quiz a été pris 88 fois
  • Le résultat moyen est 4 sur 15

Statistiques - réponses

ClassementPasses DécisivesJoueur% Correct
372Ángel Di maría
87%
559Kylian Mbappé
87%
1148Neymar Jr
83%
1106Dimitri Payet
77%
658Juninho
33%
1049Mathieu Valbuena
27%
280Jérôme Rothen
9%
954Benoît Pedretti
8%
-58Jimmy Briand
8%
470Olivier Monterrubio
3%
-58Ryad Boudebouz
3%
-45Éric Carrière
1%
1345Jérôme Leroy
1%
-45Julien Féret
1%
1247Gaël Danic
0%

Distribution des résultats

Percentile par nombre de réponses

% des personnes avec chaque résultat

Votre développement - résultats

Vous n’avez pas pris ce quiz